000 00405nam a22001697a 4500
003 LK-CoDNM
005 20250306144451.0
008 250306b |||||||| |||| 00| 0 eng d
040 _aLK-CoDNM
_dLK-CoDNM
_eLK-CoDNM
041 _asin
080 _aRC
_b704
100 _aFuertes,Louis Agassiz
245 _aAlbum of Abyssinian Birds and Mammals
260 _c1930
650 _aAnimals
942 _cBK
999 _c238783
_d238783